| 000 | 01055nam a2200265 i 4500 | ||
|---|---|---|---|
| 001 | 88185 | ||
| 003 | ES-MaACL | ||
| 007 | t| | ||
| 008 | 050103s1955 sp ||||1| spa d | ||
| 080 | _a62(083.3) | ||
| 100 | 1 |
_aLaharpe, Clément de, _d1843-1892 _eaut _969634 |
|
| 245 | 1 | 0 |
_aNotas y fórmulas del ingeniero / _cClément de Laharpe ; traducida de la 23ª edición francesa, reformada y modernizada por Jacques Vallot ; con la colaboración de Mauricio Denis-Papin |
| 250 |
_a1ª ed. española / _bdirigida por Fernando Moral Martínez |
||
| 260 |
_aMadrid : _bDossat, _c1955 _f(Selecciones Gráficas) |
||
| 300 |
_aXXI, 924 páginas : _bilustraciones ; _c20 cm |
||
| 650 | 7 |
_aIngeniería _2embne _913767 |
|
| 700 | 1 |
_aMoral Martínez, Fernando _epbl _982947 |
|
| 700 | 1 |
_aVallot, Jacques _etrl _9112925 |
|
| 700 | 1 |
_aDenis-Papin, Maurice _eclb _etrl _943708 |
|
| 710 | 2 |
_aEditorial Dossat _eedt _9242119 |
|
| 852 | 4 |
_aES-MaACL _cDEPO2 _jE-4881 |
|
| 942 |
_2udc _cMONOGRAFIA _n0 |
||
| 999 |
_c88185 _d88185 |
||